000 00593nam a2200229Ia 4500
003 OSt
005 20220918203337.0
006 a|||||r|||| 00| 0
007 ta
008 220917b |||||||| |||| 00| 0 eng d
024 _a107,683
037 _cTextual
040 _aARTS
_cARTS
_beng
041 _2eng
_aeng
082 _aV31.N<-M, M5
100 _aMessinger Gary S
_9108090
245 0 _aManchester in the Victorian age
_b the half know city
260 _c1985
650 _aHISTORY
942 _hV31.N<-M, M5
_cTEXL
_2CC
999 _c231039
_d231039